01447nam a2200265 a 450000100100000000500170001000800410002704000250006808200210009310000500011424501140016426000360027830000270031459000260034165000280036765000310039570000540042691000380048095201340051895201340065295201340078695201190092095201250103999900170116400001033220240412074217.0091006s1993 dr a 000 p spa d aDO-SdBNPbspacBNPHU aRD861.44bG216ef1 aGarcía de Rosario, Carmen Altagracia92534710aEfluvios de medio siglo /cCarmen Altagracia García de Rosario ; prólogo Gilberto De la Rosa Rodríguez. aSanto Domingo :bTaller,c1993. a77 p. :bil. ;c20 cm. aInventariado, 2018/BT 0aPoesía dominicana966 0aLiteratura dominicana.96712aRosa Rodríguez, Gilberto de la,epról.925348 aValidado. Control de calidad. MFF 001054708DSaGRbGRcHDd2009-10-06iLF1l0oRD861.44 G216efp10332-30r2020-06-25te. 3w2020-06-25yLFDSZPréstamo en sala 001054708DSaGRbGRcHDd2009-10-06iLF1l0oRD861.44 G216efp10332-40r2020-06-25te. 4w2020-06-25yLFDSZPréstamo en sala 001054708DSaGRbGRcHDd2009-10-06iLF1l0oRD861.44 G216efp10332-50r2020-06-25te. 5w2020-06-25yLFDSZPréstamo en sala 0010718PDaPDbPDcHDd2009-10-06iLF1l0oRD861.44 G216efp10332-10r2020-06-25w2020-06-25yLFPDZNo se presta 0010718PDaPDbPDcHDd2009-10-06iLF1l0oRD861.44 G216efp10332-20r2020-06-25te. 2w2020-06-25yLFPDZNo se presta c10091d10091